| 000 | 01072nam a22003257a 4500 | ||
|---|---|---|---|
| 003 | CHAP | ||
| 005 | 20220329133113.0 | ||
| 008 | 971013s1990 r 00010 d | ||
| 010 | _a2180 | ||
| 011 | _a3152 | ||
| 035 | _a2352 | ||
| 040 | _cCHAP | ||
| 090 | _aTesis | ||
| 100 | 0 | 0 |
_aRuiz García, Abel. _9100678 |
| 245 | _aDosis óptima de fertilización y densidad de población para amaranto Amaranthus cruentus L. en Huazulco, Morelos | ||
| 260 |
_aChapingo, Méx. : _bEl autor, _c1990 |
||
| 300 | _a47 h. | ||
| 500 | _aD44-214 | ||
| 502 | _aTesis (Ing. Agr. Esp. en Suelos) -- UACH. Departamento de suelos | ||
| 590 |
_aALEPH _b10 _c20130110 _lUCH01 _h1212 |
||
| 590 |
_aBATCH-UPD _b10 _c20130110 _lUCH01 _h2135 |
||
| 590 |
_aBATCH-UPD _b10 _c20130410 _lUCH01 _h1444 |
||
| 590 |
_aBATCH-UPD _b10 _c20130914 _lUCH01 _h0303 |
||
| 590 |
_aCONVERSION _b10 _c20130109 _lUCH01 _h1302 |
||
| 650 | 1 | 4 |
_aAmaranto _xEspaciamiento. _95122 |
| 650 | 1 | 4 |
_aFertilizantes _xEfecto en amaranto. _940478 |
| 901 | _aBK | ||
| 942 | _cTESIS | ||
| 949 |
_bBC _cTES _d-11852 _eTS1 _h24435 _i2352 _si |
||
| 999 |
_c2180 _d2180 |
||